Estranged twins : education and society in the Two Germanys

Αποθηκεύτηκε σε:
Λεπτομέρειες βιβλιογραφικής εγγραφής
Κύριος συγγραφέας: Fishman, Sterling
Άλλοι συγγραφείς: Martin, Lothar R.
Μορφή: Βιβλίο
Γλώσσα:English
Δημοσίευση: New York : Praeger, 1987
Σειρά:Praeger special studies series in comparative education
Θέματα:
Ετικέτες: Προσθήκη ετικέτας
Δεν υπάρχουν, Καταχωρήστε ετικέτα πρώτοι!

MARC

LEADER 00000nam a2200000 i 4500
001 1/84155
008 980306s1987 eng d
020 |a 0-275-92460-2 
035 |a 1998  |b 1  |c Χατζηγεωργίου  |l 10034374 
040 |a GR-MY-UA  |b gre  |e aacr 
041 0 |a eng 
082 0 |a 370.943 
100 1 |a Fishman, Sterling. 
245 1 0 |a Estranged twins :  |b education and society in the Two Germanys /  |c Sterling Fishman and Lothar Martin 
260 |a New York :   |b Praeger,   |c 1987 
300 |a 218 p. 
490 1 |a Praeger special studies series in comparative education 
650 0 0 |a Education  |z Germany (East) 
650 0 0 |a Education  |z Germany (West) 
650 0 0 |a Comparative education. 
700 1 |a Martin, Lothar R. 
830 0 |a Praeger special studies series in comparative education 
852 |a INST  |b RHODES  |e 19980306  |h 370.943 FIS  |p 005400011018  |q 005400011018  |t BK  |y 0 
901 |a BIBL-1998-1 
909 |a Ρ  |b 052981  |c 1998